Responses for show #7566 - Monday, July 3, 2017

Jon Eisenman game 2.

Contestants

[<< previous game]

Emily Campbell, a social media producer from Los Angeles, California

Trevor Schultz, a government contractor from Goodyear, Arizona

Jon Eisenman, an attorney from Los Angeles, California (whose 1-day cash winnings total $18,300)

[next game >>]

Jeopardy! Round responses

LINES ON THE MAP
COLLEGES & UNIVERSITIES
HEALTH & MEDICINE
MARY TYLER MOORE
YOU'RE GONNA MAKE IT
AFTER "ALL"
    $200 8
the prime meridian

Trevor
    $200 5
[Applause for Jon running the category]

Radcliffe

Jon
    $200 6
peripheral

Jon
    $200 26
Brooklyn

Emily
    $200 21
latte

Emily
    $200 16
an allegation

Trevor
    $400 12
the international date line

Trevor
    $400 4
the University of Oregon

Jon
    $400 7
ticks

Emily
    $400 27
Dick Van Dyke

Trevor
    $400 22
a tree house

Trevor
    $400 17
an allergen

Trevor
    $600 13
Sweden and Norway

Jon
    $600 1
Berkeley

Jon
    $600 9
dialysis

Trevor
    $600 28
(Jon: What is lupus?)
(Emily: What is MS?)

diabetes

JonEmily
Triple Stumper
    $600 23
a radio

Jon
    $600 18
allusion

Emily
    $800 14
(Emily: What is desert?)
(Alex: No. Be more specific.)
(Emily: What is [*]?)

the Sahara desert

Emily
    $800 2
Georgetown

Jon
    $800 10
Parkinson's disease

Jon
    $800 29
Elvis

Trevor
    $800 24
a terrarium

Trevor
    $800 19
alleviate (or allay)

Trevor
    $1000 15
the Maginot Line

Jon
    $1000 3
West Point

Jon
    $1000 11
bursitis

Emily
    $1000 30
Ordinary People

Trevor
    $1000 25
a magnet

Emily
    $1000 20
an Allen wrench

Trevor

Scores at the first commercial break (after clue 15):

Jon Trevor Emily
$5,600 $1,200 $2,200

Scores at the end of the Jeopardy! Round:

Jon Trevor Emily
$5,600 $7,000 $3,600

Double Jeopardy! Round responses

THIRD PARTY PRESIDENTIAL CANDIDATES
LETTER PERFECT
(Alex: Each response will be a letter of the alphabet.)
UNDERWATER
ANAGRAMMED U.S. CITIES
MARVEL MOVIE MAGIC
WE "LOVE" TO READ
    $400 22
Jill Stein

Jon
    $400 17
(Alex: What's the letter that denotes 10? [*].)

X

Triple Stumper
    $400 12
Pearl Harbor

Trevor
    $400 1
Spokane

Trevor
    $400 25
(Alex: By the way, Spider-Man: Homecoming opens this week. There are five clues left on the board.)

the Avengers

Jon
    $400 11
(Emily: What is P.S. I Love You?)

Love Story

TrevorEmily
    $800 23
(Trevor: What is the Prohibitionist Party?)
[Originally ruled correct; ruled incorrect after clue 24]

Prohibition's

Trevor
Triple Stumper
    $800 18
an E

Trevor
    $800 13
nostrils

Jon
    $800 2
San Diego

Jon
    $800 27
Deadpool

Jon
    $800 9
From Russia with Love

Jon
    $1200 24
(Gary) Johnson

Emily
    $1200 19
Q

Trevor
    $1200 14
Sea World

Jon
    $1,000 3
(Jon: [No response])

Yonkers

Jon
    $1200 30
Johnny Blaze

Triple Stumper
    $4,000 6
Love's Labour's Lost

Trevor
    $1600 29
H. Ross Perot

Triple Stumper
    $1600 20
a B vitamin

Trevor
    $1600 15
Dry Tortugas

Jon
    $1600 4
Mesa

Emily
    $1600 10
Captain America

Trevor
    $1600 7
To Sir, with Love

Triple Stumper
    $2000 28
the Socialist Party

Jon
    $2000 21
a U-joint

Triple Stumper
    $2000 16
(Clive) Cussler

Trevor
    $2000 5
Ames

Trevor
    $2000 26
Bifrost

Trevor
    $2000 8
Love in the Time of Cholera

Trevor

Scores at the end of the Double Jeopardy! Round:

Jon Trevor Emily
$13,400 $24,600 $6,000

[wagering suggestions for these scores]

Final Jeopardy! Round responses

20th CENTURY TRANSPORTATION
(Alex: [To Jon] Initiating luxury travel in the sky.)
EmilyWhat is a satellite
$3,999
JonWhat is the 747
$13,400
TrevorWhat is Air Force One?
$2,400
the 747

Final scores:

Jon Trevor Emily
$26,800 $22,200 $2,001
2-day champion: $45,100 2nd place: $2,000 3rd place: $1,000

Game dynamics:

Coryat scores:

Jon Trevor Emily
$14,400 $21,800 $6,000
19 R
(including 1 DD),
2 W
(including 1 DD)
24 R
(including 1 DD),
1 W
9 R,
2 W

Combined Coryat: $42,200

The J! Archive is created by fans, for fans. The Jeopardy! game show and all elements thereof, including but not limited to copyright and trademark thereto, are the property of Jeopardy Productions, Inc. and are protected under law. This website is not affiliated with, sponsored by, or operated by Jeopardy Productions, Inc. Join the discussion at JBoard.tv.